Hotels=Garages (Record no. 183703)

MARC details
000 -LEADER
campo de control de longitud fija 00479nam a2200145 i 4500
001 - NÚMERO DE CONTROL
campo de control 183703
003 - IDENTIFICADOR DE NÚMERO DE CONTROL
campo de control ES-MaACL
005 - FECHA Y HORA DE LA ÚLTIMA TRANSACCIÓN
campo de control 20230906221945.0
008 - DATOS DE LONGITUD FIJA--INFORMACIÓN GENERAL
campo de control de longitud fija 140929s1913 fr |||| | fre d
245 00 - MENCIÓN DEL TÍTULO
Título Hotels=Garages
Resto del título : renseignement pratiques 1913 /
Mención de responsabilidad, etc. Syndicat d'Initiative de la Creuse.
260 ## - PUBLICACIÓN, DISTRIBUCIÓN, ETC.
Lugar de publicación, distribución, etc. [S.l. :
Nombre del editor, distribuidor, etc. s.n.,
Fecha de publicación, distribución, etc. 1913] (
Lugar de fabricación/manufactura Paris :
Fabricante Guillemont & de Lamothe)
300 ## - DESCRIPCIÓN FÍSICA
Extensión 8 p. ;
Dimensiones 19 cm.
651 #4 - PUNTO DE ACCESO ADICIONAL DE MATERIA--NOMBRE GEOGRÁFICO
Nombre geográfico Creuse (France)-
Subdivisión de forma Guias.
9 (RLIN) 155615
852 ## - LOCALIZACIÓN
Ubicación ES-MaACL
Número de control de estantería T-1424-F-5
Holdings
Estatus retirado Estado de pérdida Estado de daño No para préstamo Colección Biblioteca de origen Biblioteca actual Ubicación en estantería Fecha de adquisición Fuente de adquisición Total de préstamos Signatura topográfica completa Código de barras Visto por última vez Precio de reemplazo Tipo de ítem Koha
        Colección de folletos Biblioteca del Ateneo de Madrid Biblioteca del Ateneo de Madrid Depósito folletos 29/09/2014     T-1424-F-5 1193134 23/02/2023 23/02/2023 Folleto